000 00607nam a2200181Ia 4500
008 100917s9999 xx 000 0 und d
082 _b47907
100 _aरजनीश
245 _aसंभोगातून समाधीकडे
260 _bजीवन जागृती केंद्र प्रकाशन
_c1972
300 _a136
365 _b5
520 _aअध्यात्म
630 _aसंभोगातून समाधीकडे
650 _aअध्यात्म
730 _aसंभोगातून समाधीकडे
942 _cBOOK
999 _c653301
_d653298